Príprava pracovníkov v oblasti obchodného rokovania a ostatných obchodných disciplín a jej miesto vo firemnom vzdelávaní diplomová práca

Enregistré dans:
Détails bibliographiques
Auteur principal: Sabolová, Michaela
Collectivité auteur: Obchodná fakulta EU. Katedra medzinárodného obchodu
Autres auteurs: Knapik, Peter
Format: Livre
Langue:slovaque
Publié: Bratislava 2009
Tags: Ajouter un tag
Pas de tags, Soyez le premier à ajouter un tag!

MARC

LEADER 00000nam$a2200000$$$4500
001 0101261
005 20240318133823.7
041 0 |a slo 
044 |a SK 
245 1 0 |a Príprava pracovníkov v oblasti obchodného rokovania a ostatných obchodných disciplín a jej miesto vo firemnom vzdelávaní  |b diplomová práca  |c Michaela Sabolová ; škol. Peter Knapik 
264 1 |a Bratislava  |c 2009 
300 |a 85 s. 
100 1 |a Sabolová, Michaela 
700 1 |a Knapik, Peter 
710 2 |a Obchodná fakulta EU. Katedra medzinárodného obchodu